000 00937nas a2200301 4500
001 BR2012005450
003 BR-BrBNA
005 20231205120902.0
007 ta
008 230509b bl.|||p| |||| 00| 00por d
040 _aBR-BrBNA
_bpor
_cBiblioteca Nacional de Agricultura
041 _a(Pt)
072 _aF30
100 1 _aScapim, C.A.
100 1 _aRoyer, M.R.
100 1 _aPinto, R.J.B.
100 1 _aAmaral Júnior, A.T. do
100 1 _aPacheco, C.A.P.
100 1 _aMoterle, L.M.
245 1 _aComparação de testadores na avaliação da capacidade de combinação de famílias S2 de milho-pipoca
650 _aMILHO PIPOCA
650 _aHÍBRIDO
650 _aVIGOR HÍBRIDO
650 _aVARIEDADE RESISTENTE
773 0 _tRevista Brasileira de Milho e Sorgo (Brazil)
_xISSN 1676-689X
_g(Jan-Apr 2008), v. 7(1) p. 83-91
_wBR2012005450
909 _a202311
_bLúcia
_c55
_dLúcia Elande
942 _2AGRIS
_n0
_cANA
999 _c220796
_d220796